00365pab a2200133 454500008004000000100001900040245007900059260000900138300001400147362000800161650001200169650002000181773003000201180718b2006 xxu||||| |||| 00| 0 eng d aErbes, Kristen aThe promise and pitfalls of consensus decision making in school management c2006 ap.827-42. aJul aSchools aDecision making aReview of Policy Research